<?xml version="1.0" encoding="UTF-8"?>
<collection xmlns:xsi="http://www.w3.org/2001/XMLSchema-instance" xsi:schemaLocation="http://www.loc.gov/MARC21/slim http://www.loc.gov/standards/marcxml/schema/MARC21slim.xsd" xmlns="http://www.loc.gov/MARC21/slim">
 <record>
  <leader>00000cmm a22000004a 4500</leader>
  <controlfield tag="001">UP-99796217611212642</controlfield>
  <controlfield tag="003">Buklod</controlfield>
  <controlfield tag="005">20230215085534.0</controlfield>
  <controlfield tag="006">m    go  j        </controlfield>
  <controlfield tag="007">cr |n |||auu|a</controlfield>
  <controlfield tag="008">110614s2011    xxk        u |      eng d</controlfield>
  <datafield tag="020" ind1=" " ind2=" ">
   <subfield code="a">9780857295071 (eBook)</subfield>
  </datafield>
  <datafield tag="020" ind1=" " ind2=" ">
   <subfield code="a">0857295071 (eBook)</subfield>
  </datafield>
  <datafield tag="035" ind1=" " ind2=" ">
   <subfield code="a">(iLib)UPD-00215704457</subfield>
  </datafield>
  <datafield tag="040" ind1=" " ind2=" ">
   <subfield code="d">DML</subfield>
  </datafield>
  <datafield tag="041" ind1=" " ind2=" ">
   <subfield code="a">eng</subfield>
  </datafield>
  <datafield tag="042" ind1=" " ind2=" ">
   <subfield code="a">DMLUC</subfield>
  </datafield>
  <datafield tag="084" ind1=" " ind2=" ">
   <subfield code="a">RD 561</subfield>
   <subfield code="b">A58 2011eb</subfield>
  </datafield>
  <datafield tag="245" ind1="0" ind2="0">
   <subfield code="a">Anterior knee pain and patellar instability</subfield>
   <subfield code="h">[electronic resource]</subfield>
   <subfield code="c">Vicente Sanchis-Alfonso (editor).</subfield>
  </datafield>
  <datafield tag="250" ind1=" " ind2=" ">
   <subfield code="a">2nd ed.</subfield>
  </datafield>
  <datafield tag="264" ind1=" " ind2="1">
   <subfield code="a">London</subfield>
   <subfield code="a">New York</subfield>
   <subfield code="b">Springer</subfield>
   <subfield code="c">c2011.</subfield>
  </datafield>
  <datafield tag="300" ind1=" " ind2=" ">
   <subfield code="a">1 online resource (xxxi, 543 p.)</subfield>
   <subfield code="b">ill. (chiefly col.)</subfield>
  </datafield>
  <datafield tag="505" ind1="0" ind2=" ">
   <subfield code="a">Background: Patellofemoral Malalignment Versus Tissue Homeostasis Myths and Truths About Patellofemoral Disease -- In Search of the Etiology of Anterior Knee Pain -- Biological Causes of Anterior Knee Pain -- Pathogenesis of Anterior Knee Pain in the Active Young: Is There a Relation Between the Presence of Patellofemoral Malalignment and Pain? What Have We Learned from Realignment Surgery? -- Unilateral Anterior Knee Pain as a Sign of Knee Asymmetry -- Biomechanical Bases for Anterior Knee Pain and Patellar Instability -- Anatomy of Patellar Dislocation -- Evaluation of the Patient with Anterior Knee Pain and Patellar Instability -- Influence of Psychological Factors on Pain and Disability in Anterior Knee Pain Patients -- Uncommon Causes of Anterior Knee Pain -- Risk Factors and Prevention of Anterior Knee Pain -- Non-operative Treatment of Athletes with Anterior Knee Pain: Science, Classical, and New Ideas -- Conservative Management of Anterior Knee Pain: The McConnell Program -- Skeletal Malalignment and Anterior Knee Pain: Rationale, Diagnosis, and Management -- Patellar Tendinopathy: Where Does the Pain Come From? -- Biochemical Causes of Patellar Tendinopathy? -- The Pathophysiology of Patellofemoral Arthritis -- Prevention of Anterior Knee Pain After Anterior Cruciate Ligament Reconstruction -- Anterior Knee Pain with Special Emphasis on the Clinical, Radiographic, Histological, Ultrastructural, and Biochemical Aspects After Anterior Cruciate Ligament Reconstruction Using Autografts -- Imaging and Musculoskeletal Modeling to Investigate the Mechanical Etiology of Patellofemoral Pain -- Computational Models for Investigating the Patellofemoral Joint: Clinical Relevance.</subfield>
  </datafield>
  <datafield tag="505" ind1="0" ind2=" ">
   <subfield code="a">Kinetic Analysis: A Sensitive Outcome Objective Measurement Method in Evaluating Lateral Patellar Instability A Preliminary Study -- Kinetic and Kinematic Analysis in Evaluating Patients with Anterior Knee Pain -- Failure of Patellofemoral Surgery: Analysis of Clinical Cases -- Neuromatous Knee Pain: Evaluation and Management -- Kinetic and Kinematic Analysis of Iatrogenic Medial Patellar Instability: Clinical Relevance -- Ultrasound and Doppler-Guided Arthroscopic Shaving for the Treatment of Patellar Tendinopathy/Jumper's Knee: Biological Background and Description of Method -- Arthroscopic Patellar Denervation for Anterior Knee Pain -- Reconstruction of the Medial Patellofemoral Ligament: How I Do It -- Reconstruction of the Medial Patellofemoral Ligament: How I Do It -- MPFL Reconstruction: Principles and Complications -- Reconstruction of the Lateral Patellofemoral Ligament: How I Do It -- Reconstruction of the Lateral Patellofemoral Ligament: How I Do It -- Osteotomies Around the Patellofemoral Joint -- Sulcus Deepening Trochleoplasty -- Rotational Tibial Osteotomy -- Rotational Femoral Osteotomy -- Patella Infera and Patella Alta -- Combined Tibial Tubercle Realignment and MPFL Reconstruction -- Anteromedial Tibial Tubercle Osteotomy (Fulkerson Osteotomy) -- The Patella Thinning Osteotomy: A New Technique for Patellofemoral Arthritis -- Cartilage Restoration in the Patellofemoral Joint -- Autologous Osteochondral Mosaicplasty -- Patellofemoral Allografts -- Patellofemoral Arthroplasty: Pearls and Pitfalls -- The Patellofemoral Arthroplasty: The Great Solution, the Great Problem -- A Philosophy of the Patellofemoral Joint: A Logical Clinical Approach -- Epilogue.</subfield>
  </datafield>
  <datafield tag="506" ind1=" " ind2=" ">
   <subfield code="a">IP-based subscription, access limited to within on campus computer network.</subfield>
   <subfield code="c">Access via Electronic Resources  of the UPD University Library Website.</subfield>
  </datafield>
  <datafield tag="520" ind1=" " ind2=" ">
   <subfield code="a">As this work is published, at the beginning of the 21st Century, a new perspective of the classic orthopedic enigma of the patellofemoral pain problem is becoming increasingly accepted. It is clear that the decades-old paradigm of a pure structural and biomechanical explanation for the genesis of patellofemoral pain is inadequate, and that a new era has begun with biological factors now being given more consideration. This book is organized into sections which have been reformatted from the first edition. Unlike other publications, this work gives great importance to the etiopathogeny; the latest theories are presented regarding the pathogeny of anterior knee pain and patellar instability, although in an eminently clinical and practical manner. With contributions from orthopedic surgeons, physiotherapists, radiologists, biologists, pathologists, bioengineers, and plastic surgeons this multidisciplinary book will serve as an authoritative reference on one of the most problematic entities currently in the pathology of the knee.</subfield>
  </datafield>
  <datafield tag="533" ind1=" " ind2=" ">
   <subfield code="a">Electronic reproduction.</subfield>
   <subfield code="b">New York</subfield>
   <subfield code="c">SpringerLink</subfield>
   <subfield code="d">2011.</subfield>
   <subfield code="n">Available via World Wide Web through SpringerLink.</subfield>
  </datafield>
  <datafield tag="650" ind1=" " ind2="0">
   <subfield code="a">Patellofemoral joint</subfield>
   <subfield code="x">Dislocation.</subfield>
  </datafield>
  <datafield tag="650" ind1=" " ind2="0">
   <subfield code="a">Patella</subfield>
   <subfield code="x">Dislocation.</subfield>
  </datafield>
  <datafield tag="650" ind1=" " ind2="0">
   <subfield code="a">Knee</subfield>
   <subfield code="x">Wounds and injuries.</subfield>
  </datafield>
  <datafield tag="650" ind1=" " ind2="0">
   <subfield code="a">Pain.</subfield>
  </datafield>
  <datafield tag="650" ind1=" " ind2="4">
   <subfield code="a">Medicine.</subfield>
  </datafield>
  <datafield tag="650" ind1=" " ind2="0">
   <subfield code="a">Electronic books.</subfield>
  </datafield>
  <datafield tag="700" ind1="1" ind2=" ">
   <subfield code="a">Sanchis-Alfonso, Vicente.</subfield>
  </datafield>
  <datafield tag="710" ind1="2" ind2=" ">
   <subfield code="a">SpringerLink (Online service).</subfield>
  </datafield>
  <datafield tag="842" ind1=" " ind2=" ">
   <subfield code="a">Electronic Resource</subfield>
  </datafield>
  <datafield tag="856" ind1="4" ind2="0">
   <subfield code="y">Available for University of the Philippines Diliman via SpringerLink. Click here to access</subfield>
   <subfield code="u">http://link.springer.com/book/10.1007/978-0-85729-507-1</subfield>
  </datafield>
  <datafield tag="905" ind1=" " ind2=" ">
   <subfield code="a">FO</subfield>
  </datafield>
  <datafield tag="950" ind1=" " ind2=" ">
   <subfield code="a">Monograph</subfield>
  </datafield>
  <datafield tag="852" ind1="0" ind2=" ">
   <subfield code="a">UPD</subfield>
   <subfield code="b">DMLR</subfield>
  </datafield>
  <datafield tag="942" ind1=" " ind2=" ">
   <subfield code="a">Electronic Resource</subfield>
  </datafield>
 </record>
</collection>
